Start with NO
| Main Author: | |
|---|---|
| Format: | Book |
| Published: |
New York :
Crown business ,
2002
|
| Subjects: | |
| Online Access: | http://www.crownbusiness.com |
MARC
| LEADER | 00000cam a2200000 7i4500 | ||
|---|---|---|---|
| 001 | 0000011122 | ||
| 005 | 20050412.0 | ||
| 020 | |a 0609608002 | ||
| 040 | |a INS | ||
| 090 | 0 | 0 | |a HD58.6. |b C36 2002 |
| 100 | 1 | |a Camp, Jim | |
| 245 | 1 | 0 | |a Start with NO |c Jim Camp |
| 260 | |a New York : |b Crown business , |c 2002 | ||
| 300 | |a ix : |b 271p ; |c 22cm. | ||
| 650 | 0 | 0 | |a Negotiation in business |
| 856 | |u http://www.crownbusiness.com | ||
| 999 | |a 0000011876 |b BOOK |c Open Shelf |e Default branch | ||